Účinok práva ES/EU na slovenský právny poriadok

Analýza procesu zbližovania Slovenského práva s právom ES/EU. Európska dohoda o pridružení ako právny základ zbližovania práva. Novela Ústavy SR z pohľadu integračných článkov.

Salvato in:
Dettagli Bibliografici
Autore principale: Kunová, Vlasta
Natura: Capitolo di libro
Lingua:slovacco
Soggetti:
Tags: Aggiungi Tag
Nessun Tag, puoi essere il primo ad aggiungerne!!

MARC

LEADER 00000naa a2200000 4500
001 r046732
005 20230929115955.7
041 0 |a slo 
044 |a SK 
245 1 0 |a Účinok práva ES/EU na slovenský právny poriadok  |c Vlasta Kunová 
520 |a Analýza procesu zbližovania Slovenského práva s právom ES/EU. Európska dohoda o pridružení ako právny základ zbližovania práva. Novela Ústavy SR z pohľadu integračných článkov. 
610 2 0 |a právo 
610 2 0 |a aproximácia práva 
610 2 0 |a ústava 
610 2 0 |a Európske spoločenstvá 
610 2 0 |a Európska únia 
610 2 0 |a Slovensko 
100 1 |a Kunová, Vlasta